"Dwie myśli" - Myslovitz tekst - Statystyki

Ogólne statystyki
  • Ten quiz został rozwiązany 33 razy
  • Średni wynik to 182 z 216
Statystyki odpowiedzi
Hint Odpowiedź % Poprawnych
by
100%
Ciągle
100%
Cię
100%
czekam
100%
i
100%
kącie
100%
na
100%
ocalić
100%
Patrzę
100%
płaczę
100%
Schowany
100%
schowany
100%
szafie
100%
szafy
100%
Twej
100%
twej
100%
ustach
100%
. W
100%
w
100%
z
100%
Z
100%
głowie
90%
głowy
90%
modlitwą
90%
nożem
90%
ostrym
90%
po
90%
się
90%
twojej
90%
będę
80%
Będę
80%
ma
80%
Nie,
80%
nie
80%
oczy
80%
próbę
80%
Rozcinania
80%
Strach
80%
swojej
80%
wielki
80%
wielkie
80%
za
80%
zamknę
80%
znów
80%
czekał
70%
dwie
70%
męczące
70%
mózgu
70%
myśli
70%
najbardziej
70%
podejmiesz
70%
przecież
70%
siądę
70%
Te
70%
te
70%
wyjdę
70%
wyjdziesz
70%
wyjmiesz
70%
bardzo
60%
długa
60%
Gdybyś
60%
jest
60%
Kiedy
60%
kiedy
60%
kuchni
60%
niej
60%
Noc
60%
tak
60%
myślą
50%
nową
50%
pozostawił
50%
skończyłeś
50%
świetle
50%
Ty
50%
idziesz
40%
jak
40%
maszyna
40%
odetchniesz
40%
stąd
40%
Staniesz
40%
wystraszysz
40%
co
30%
czas
30%
jeszcze
30%
Krok
30%
kroku
30%
mógłbyś
30%
Myślisz
30%
Obłąkany
30%
Pomyśl
30%
przód
30%
przyjdziesz
30%
sobie
30%
teraz
30%
wstyd
30%
zatrzymać
30%
taki
20%
Nie znaleziono quizów pasujących do podanych kryteriów
Rozkład punktacji
Procent ludzi z każdym wynikiem
Percentyl według liczby udzielonych odpowiedzi
Twoja historia wyników
Nie rozwiązałeś tego quizu